| 000 | 00534pab a2200193 454500 | ||
|---|---|---|---|
| 008 | 180718b2017 xxu||||| |||| 00| 0 eng d | ||
| 100 | _aBroome, Neema Pathak | ||
| 245 | _aBiodiversity conservation and forest rights act | ||
| 260 | _c2017 | ||
| 300 | _ap.51-58. | ||
| 362 | _a24 Jun | ||
| 650 | _aBiological diversity - India | ||
| 650 | _aForest resources - India | ||
| 650 | _aBiological diversity | ||
| 700 | _aTatpati, Meenal | ||
| 700 | _aRai, Nitin D. | ||
| 773 | _aEconomic and Political Weekly | ||
| 909 | _a115579 | ||
| 999 |
_c115573 _d115573 |
||